00000000nam##2200000za#4500
0019.682953
003CaOODSP
00520250403105632
007ta
008150407|2005||||xxc|||||     f|0| 0 fre|d
020 |a0-660-97061-9
040 |aCaOODSP|bfre
043 |an-cn---
0861 |aCS89-503/2005F
24500|aFemmes au Canada : |brapport statistique fondé sur le sexe
250 |a5e édition
260 |aOttawa - Ontario : |bStatistique Canada |c2005.
300 |a323p. : |bgraphiques, tableaux ; |c28 cm.
500 |a«Projet des groupes cibles»
5203 |aAnalyse la situation des femmes au Canada. On y présente notamment les caractéristiques démographiques et culturelles, les modalités de vie, le revenu, l'activité, la santé, la criminalité et la victimisation des Canadiennes.
563 |aCouverture souple
590 |a06-13|b2006-03-31
69107|aFemme|2gcpds
7102 |aStatistique Canada.
77508|tWomen in Canada : |w(CaOODSP)9.649803
7760#|tFemmes au Canada : |w(CaOODSP)9.632115